| 000 | 00617nam a2200181Ia 4500 | ||
|---|---|---|---|
| 008 | 100920s9999 xx 000 0 und d | ||
| 082 |
_b90996 _a28 व 891 थ 81 |
||
| 100 | _aकामत निर्मला. | ||
| 245 | _aरामायण. | ||
| 260 |
_bवोरा ऍण्ड कंपनी पब्लिशर्स प्रा. लि., मंुबई 2. _c1981 |
||
| 300 |
_a40 _bसाधी |
||
| 365 | _b0 | ||
| 520 | _aबा.वि.लघुकथा. | ||
| 630 | _aरामायण. | ||
| 650 | _aबा.वि.लघुकथा. | ||
| 730 | _aरामायण. | ||
| 942 | _cBOOK | ||
| 999 |
_c731475 _d731472 |
||